MDQL
is popping MORE tags! Check the
thread
!
Quizzes
Events
Quiz Creation
Community
Videos
Private Events
Remove Ads
Sign In
Join for FREE
Feedback
Dark Mode
Quiz Categories
Sports
Geography
Music
Movies
Television
Just For Fun
Miscellaneous
History
Literature
Language
Science
Gaming
Entertainment
Religion
Holiday
For Kids
Quiz Lab
Recent
Popular Today
Quiz Kudos Today
Editor Picks
Curator Picks
Quizzes by...
Day
Popularity
Type
Ratings
Length
Year
Community
Subscriptions
Recent Discussions
Orange Saloon
Badges
Playlists
Quests
Create
Leaderboards
Showdown
Live 5
Trivia Bingo
Activity
Puzzle Library
Sporcle Events
Private Events
Virtual Trivia
Globe League
Become a Host
Pub Owners
SporcleCon
Opinionation
Our Games
Videos
Blog
Mobile Apps
Partnerships
Remove Ads and Go Orange
Feedback
Geography
Country
Landmarks
City
State
Population
World
Capital
Continent
Flags
Europe
Africa
Asia
South America
North America
Oceania
Border
Canada
United Kingdom
Topography
United States
Geography
Country
Landmarks
City
State
Population
World
Capital
Continent
Flags
Europe
Africa
Asia
South America
North America
Oceania
Border
Canada
United Kingdom
Topography
United States
Random Quiz
Search Sporcle
×
Quiz Lab
Quiz Lab
Geography
Chile
Type in answers that appear in a list
Type in answers that appear in a list
Classic
Best Score? Go Orange.
Chilean Diaspora Stats
Can you name the largest countries of the Chilean diaspora?
By
tidal93341
5m
30 Questions
141 Plays
141 Plays
141 Plays
Comments
Comments
Give Quiz Kudos
Give Quiz Kudos
-
- Ratings
hide this ad
Replay
Link that replays current quiz
Next Quiz
Link to next quiz in quiz playlist
You Got
0%
They Got
Avg Score
92%
Avg Friend Score
Upgrade to see
Score Distribution
Jump to the score distribution portion of the page
Score
0/30
Timer
05:00
0
Plays Today
Number of Chileans
Country
% Correct
113,934
USA
100%
429,708
Argentina
98.6%
28,371
Brazil
98.6%
33,626
Australia
98.6%
3,632
Uruguay
97.2%
10,280
Germany
97.2%
37,577
Canada
96.5%
23,911
Spain
96.5%
9,882
Ecuador
95.7%
3,203
Colombia
95.7%
5,465
Mexico
95.7%
7,455
UK
95.7%
9,301
Peru
95%
4,129
Italy
95%
15,782
France
94.3%
Number of Chileans
Country
% Correct
27,106
Venezuela
93.6%
8,202
Bolivia
93.6%
4,025
Paraguay
93.6%
42,396
Sweden
93.6%
1,122
New Zealand
93.6%
1,399
Netherlands
92.9%
7,994
Norway
89.4%
4,531
Switzerland
88.7%
1,706
Belgium
88.7%
2,157
Panama
88.7%
2,465
Denmark
87.9%
2,466
Costa Rica
86.5%
1,280
Austria
83.7%
955
Dominican Republic
75.9%
5,489
Israel
73.8%
Quiz Playlist
Details
Report
Send in Message
Add To Playlist
Classic:
Type in answers that appear in a list
Quiz Source
Last Updated: Feb 16, 2017
Quiz Scoreboard
CHALLENGE
Sign Up to Join the Scoreboard
Show All
Scores
Hide
Comments
May contain spoilers
Recently Published
1-10 Letter E Words III
by El_Dandy
Language
2m
Street Fighter Characters
by Artimus82
Gaming
60s
College Basketball Coaching Resumes
by pancakes188
Sports
9m
More to Explore
Quiz From the Vault
Featured Blog Post
Where Did the Easter Bunny Come From?
hide this ad
You Might Also Like...
Tags
Chile
diaspora
foreign
Foreign Born
immigrant
immigrate
immigration
Largest Immigrant
Today's Top Quizzes in Geography
Browse Geography
hide this ad
Today's Top Quizzes in Chile
Browse Chile
Top Contributed Quizzes in Geography
1
Countries of the World - No Outlines Minefield
2
Top 25 Cities of France on a map
3
Any capital of a 'B' country per Continent
4
Any capital of a 'C' country per Continent
5
Closest Countries to UK A-Z
6
Any capital of a 'D' country per Continent
7
5-to-1: US Geography No Hints
8
Any capital of an 'E' country per Continent
9
Find the US States - No Outlines
10
Any capital of an 'F' country per Continent
Explore More
Trending Topics
NBA
Harry Potter
Crossword
Disney
Anime
Marvel
Kpop
WWE
Soccer
Country
The Office
Song
Pokémon
Puzzle
NFL
hide this ad
More By:
tidal93341
Quiz
Plays
Rating
Category
Featured
Created
UK Immigrant Origin Countries by Continent
40,994
4.58
Geography
Nov 8, 2015
Anything but Vietnam
39,545
4.66
Geography
Aug 14, 2015
Foreign-Born Population: Malta
31,759
4.52
Geography
Mar 13, 2017
Second Largest Religion by Country
18,849
4.38
Religion
Feb 6, 2015
British Diaspora
7,412
4.67
Geography
Oct 7, 2015
Go to Creator's Profile
Score Distribution
Quiz Creator Spotlight
tidal93341
Follow
Send a Message
Quizzes Created
-
Created Quiz Play Count
-
More By This Creator
Popular Quizzes Today
1
Find the US States - No Outlines Minefield
2
Find the Countries of Europe - No Outlines Minefield
3
The Countries of the World
4
Find the US States
5
Risky Map Clicking: Biggest States A-Z
6
US States
7
Popular People in 1961
8
Movies - When Are They Set?
More Geography Quizzes
Whack-a-European Country
Editor's Pick
Trending Quizzes
Risky Map Clicking: Least Populous States A-Z
1-10 Letter G Words
USA Borders Longest to Shortest
1-10 Letter F Words
Countries of the World: 200 Million BC
Recently Updated
Leaping Animals
pecheneg
Reality TV Shows (A-Z)
bhenderson79
Rickey Henderson's Hall of Fame Teammates
pecheneg
Champions League XIs: Arsenal
pecheneg
Quick Pick: Celebrities in WWE's Hall of Fame
aduchscher
A-Z Keypad Blitz II
pecheneg
Multiple Oscar Actors
pecheneg
Mystery Phrase Blitz: Oscar 'Best Actors'
pecheneg
F. Scott Fitzgerald Novels
LTH
Pick 3 Villains
ddd62291
Trending Topics
Anime
Disney
Crossword
Kpop
Harry Potter
NBA
Marvel
Pokémon
Country
Soccer
NFL
The Office
Puzzle
Song
WWE
Your Account Isn't Verified!
In order to create a playlist on Sporcle, you need to verify the email address you used during registration. Go to your
Sporcle Settings
to finish the process.
Report this User
Report this user for behavior that violates our
Community Guidelines
.
Details:
Send Report
Go to the Sporcle.com Mobile Site →
Comments